Znalosť českého jazyka u cizinců jako významný faktor sociální integrace

Schopnosť komunikácie vybraných skupín cudzincov, žijúcich v Českej republike. Znalosť jazyka tvorí zásadný význam pri začleňovaní cudzincov do spoločnosti. Výskum realizovaný v ČR.

Saved in:
Bibliographic Details
Main Author: Záleská, Veronika
Other Authors: Brabcová, Iva, Horská, Jana
Format: Book Chapter
Language:Czech
Subjects:
Tags: Add Tag
No Tags, Be the first to tag this record!

MARC

LEADER 00000naa a2200000 4500
001 0175113
005 20221020085230.7
041 0 |a cze 
044 |a CZ 
245 1 0 |a Znalosť českého jazyka u cizinců jako významný faktor sociální integrace  |c Veronika Záleská, Iva Brabcová, Jana Horská 
520 |a Schopnosť komunikácie vybraných skupín cudzincov, žijúcich v Českej republike. Znalosť jazyka tvorí zásadný význam pri začleňovaní cudzincov do spoločnosti. Výskum realizovaný v ČR. 
610 2 0 |a Česko 
610 2 0 |a integrácia sociálna 
610 2 0 |a komunikácia sociálna 
610 2 0 |a vzťahy spoločenské 
610 2 0 |a cudzinci 
610 2 0 |a migrácia 
610 2 0 |a jazyk štátny 
100 1 |a Záleská, Veronika 
700 1 |a Brabcová, Iva 
700 1 |a Horská, Jana